NHL Affiliates (AHL) - Statistics

General Stats
  • This quiz has been taken 30 times
  • The average score is 22 of 32
Answer Stats
Affiliation Answer % Correct
Washington Capitals Hershey Bears
86%
Boston Bruins Providence Bruins
86%
Dallas Stars Texas Stars
86%
Ottawa Senators Belleville Senators
82%
Seattle Kraken Coachella Valley Firebirds
82%
Minnesota Wild Iowa Wild
82%
San Jose Sharks San Jose Barracuda
82%
Vancouver Canucks Abbotsford Canucks
77%
Carolina Hurricanes Chicago Wolves
77%
Montreal Canadiens Laval Rocket
77%
Toronto Maple Leafs Toronto Marlies
77%
Utah Hockey Club Tucson Roadrunners
77%
New York Islanders Bridgeport Islanders
73%
Detroit Red Wings Grand Rapids Griffins
73%
Vegas Golden Knights Henderson Silver Knights
73%
Winnipeg Jets Manitoba Moose
73%
Pittsburgh Penguins Wilkes Barre/Scranton Penguins
73%
Columbus Blue Jackets Cleveland Monsters
64%
Los Angeles Kings Ontario Reign
64%
Calgary Flames Calgary Wranglers
59%
Florida Panthers Charlotte Checkers
59%
Colorado Avalanche Colorado Eagles
59%
New York Rangers Hartford Wolf Pack
59%
Philadelphia Flyers Lehigh Valley Phantoms
59%
Nashville Predators Milwaukee Admirals
59%
Buffalo Sabres New York Americans
59%
Chicago Blackhawks Rockford IceHogs
59%
Anaheim Ducks San Diego Gulls
59%
Tampa Bay Lightning Syracuse Crunch
55%
New Jersey Devils Utica Comets
55%
Edmonton Oilers Bakersfield Condors
50%
St. Louis Blues Springfield Thunderbirds
50%
No matching quizzes found
Score Distribution
Percent of People with Each Score
Percentile by Number Answered
Your Score History
You have not taken this quiz